|
|
|
|
| LEADER |
01176cam a2200325 a 4500 |
| 001 |
c000379571 |
| 003 |
CARM |
| 005 |
20110201115611.0 |
| 008 |
110201s1978 enka b 000 0 eng d |
| 015 |
|
|
|a GB***
|
| 019 |
1 |
|
|a 1280319
|z 27516225
|5 LACONCORD2021
|
| 020 |
|
|
|a 0900983779 (pbk.)
|c £5.00
|
| 035 |
|
|
|a (OCoLC)4392326
|5 LACONCORD2021
|
| 040 |
|
|
|a LC
|b eng
|c LC
|d NUN
|
| 050 |
0 |
0 |
|a TP156.M5
|b S9
|
| 050 |
1 |
4 |
|a TP156.M5
|b S9
|
| 082 |
0 |
4 |
|a 660.284292
|
| 100 |
1 |
|
|a Sweeney, E. T.
|
| 245 |
1 |
3 |
|a An introduction and literature guide to mixing /
|c E.T. Sweeney.
|
| 260 |
|
|
|a Bedford :
|b BHRA Fluid Engineering,
|c c1978.
|
| 300 |
|
|
|a 54 p. :
|b ill. ;
|c 30 cm.
|
| 490 |
1 |
|
|a BHRA Fluid Engineering series ;
|v v. 5
|
| 504 |
|
|
|a Includes bibliographical references.
|
| 650 |
|
0 |
|a Mixing machinery.
|
| 830 |
|
0 |
|a BHRA Fluid Engineering series ;
|v v. 5
|
| 852 |
8 |
|
|b CARM
|p 0530967
|f BK
|
| 852 |
8 |
|
|b SCAN
|h A3:AG01D0
|i F07927
|p 0530967
|f BK
|
| 999 |
f |
f |
|i ff0f0611-30ea-5739-af8d-ff9d2f7e40de
|s 02e54435-b1d0-5cbe-8197-9b605d0866d2
|
| 952 |
f |
f |
|p Can circulate
|a CAVAL
|b CAVAL
|c CAVAL
|d CARM 1 Store
|i book
|m 0530967
|
| 952 |
f |
f |
|a CAVAL
|b CAVAL
|c CAVAL
|d Unmapped Location
|e F07927
|f A3:AG01D0
|h Other scheme
|